States of French Polynesia by Picture - Statistics

General Stats
  • This quiz has been taken 12 times
  • The average score is 4 of 5
Answer Stats
Picture Answer % Correct
Austral Islands
100%
Society Islands
91%
Gambier Islands
82%
Marquesas Islands
82%
Tuamotu Islands
64%
No matching quizzes found
Score Distribution
Percent of People with Each Score
Percentile by Number Answered
Your Score History
You have not taken this quiz